000 01569cam a22004217a 4500
003 CHAP
005 20220329142135.0
008 991216d1994 mx r 00110 spa d
010 _a79096
011 _a80068
035 _a90510
040 _cCHAP
090 _aFolleto 15357
100 0 0 _aCortéz Mondaca, Edgardo.
_928416
245 1 3 _aLa mosca blanca en el Valle de Sanato Domingo, B.C.S. y las estratégicas para su manejo integrado
_c/por Edgardo Cortéz Mondaca
260 _aCd. Constitución, B.C.S. :
_bINIFAP. Campo Experimental Valle de Santo Domingo,
_c1994.
300 _a40 p. :
_bgráfs.
410 _aINIFAP.
_bCampo Experimental Valle de Santo Domingo
490 0 _aPublicación especial
_v; 1
590 _aBATCH-UPD
_b10
_c20130110
_lUCH01
_h0248
590 _aBATCH-UPD
_b10
_c20130110
_lUCH01
_h1252
590 _aBATCH-UPD
_b10
_c20130409
_lUCH01
_h2318
590 _aBATCH-UPD
_b10
_c20130410
_lUCH01
_h1625
590 _aBATCH-UPD
_b10
_c20130914
_lUCH01
_h0013
590 _aBATCH-UPD
_b10
_c20130914
_lUCH01
_h1742
590 _aCONVERSION
_b10
_c20130109
_lUCH01
_h1344
650 1 4 _aAleurodidae.
_93803
650 1 4 _aBemisia argentifolii.
_911495
650 1 4 _aBemisia tabaci.
_911496
650 1 4 _aManejo integrado de plagas.
_970365
650 1 4 _aTrialeurodes vaporariorum.
_9114900
810 _aINIFAP.
_bCampo Experimental Valle de Santo Domingo
_958628
830 0 _aPublicación especial
_v; 1
_992760
901 _aBK
905 _aAlejandra Carrasco M.
942 _cFOLL
949 _aFolleto 15357
_bBC
_cFOLL
_d905101
_eTS1
_i90510
_sb
999 _c79096
_d79096